Culture Générale - Série 2689 - Statistiques

Statistiques générales
  • Ce quiz a été pris 84 fois
  • Le résultat moyen est 6 sur 10
Statistiques - réponses
Question Réponse % Correct
Quelle planète est couramment appelée "l'étoile du berger" ? Vénus
87%
C'est un pays du Caucasse et un état des Etats Unis Géorgie
79%
De qui la Comtesse de Ségur a-elle raconté les malheurs ? Sophie
78%
Complétez le titre de la chanson d'Etienne Daho " Week-end à .... Rome
71%
Quel département français porte le numéro 12 ? Aveyron
68%
Figure de style qui consiste à allier deux mots de sens contradictoires. Exemple : « une douce violence ». oxymore
62%
Quelle île est surnommée "L'île Papillon" ? Guadeloupe
57%
C'est une ville de l'Isère et une capitale européenne Vienne
53%
Qui chantait "Tout doucement" en 1985 ? Bibie
32%
Dans quel pays trouve-t-on de nombreux trous d'eau douce appelés "cénotes" ? Mexique
23%
Aucun quiz correspondant
Distribution des résultats
% des personnes avec chaque résultat
Percentile par nombre de réponses
Votre historique - résultats
Vous n’avez pas pris ce quiz